| 000 | 01244cam a2200361 4500 | ||
|---|---|---|---|
| 008 | 090401t1998 xxu||||| |||| 00| 0 eng d | ||
| 020 | _a063204067X | ||
| 035 | _a(Sirsi) u79370 | ||
| 041 | _aeng | ||
| 050 |
_a690.0264 _c18 |
||
| 100 | _aDalby, Joseph | ||
| 245 | _aEU law for the construction industry. | ||
| 260 |
_aOxford _bBlackwell Science _c1998 |
||
| 300 |
_ax, 253p. _c25cm. |
||
| 350 | _a39.50 | ||
| 520 | _aAimed at construction professionals and lawyers, the book reviews the general principles of EU law and then looks in more detail at competition law, public procurement, cross-border trade, the free movement of products and personnel, liability, environmental protection and health and safety. | ||
| 650 | _aCOMPETITION LAW | ||
| 650 | _aCONSTRUCTION INDUSTRY | ||
| 650 | _aBUILT ENVIRONMENT-BUILDING MATERIALS | ||
| 650 | _aCONSTRUCTION PROFESSIONALS | ||
| 650 | _aBUILDING CONTRACTORS | ||
| 650 | _aCROSS-BORDER TRADE | ||
| 650 | _aENVIRONMENTAL PROTECTION | ||
| 650 | _aEU LAW | ||
| 650 | _aEUROPE | ||
| 650 | _aEUROPEAN UNION | ||
| 650 |
_aHEALTH AND SAFETY _96244 |
||
| 650 | _aLIABILITY | ||
| 650 | _aPUBLIC PROCUREMENT | ||
| 690 | _aOVERSEAS-EUROPE | ||
| 942 | _n0 | ||
| 948 | _c02/07/1997 | ||
| 999 |
_c96533 _d96533 |
||